00972nam a2200193 a 450000100100000000500170001000800410002704000250006810000250009324500720011826000990019030000200028949000360030950001630034571001050050883000430061395201050065699900170076100003951620201002031703.0130704s2000 dr 000 0 spa d aDO-SdBNPbspacBNPHU1 aRojas, Onofre93111910aConvención interamericana contra la corrupción /cOnofre Rojas. aSanto Domingo :bComisión Presidencial para la Reforma y Modernización del Estado.,c2000. a34 p. ;c21 cm.1 aConversatorios de la reformav6 aConversatorio realizado en junio de 1994 en la ciudad de Cartagena de Indias, Colombia, el Dr. Onofre Rojas, en la IV Cumbre Iberoamericana de Jefes de Estado2 aRepública Dominicana.bComisión Presidencial para la Reforma y Modernización del Estado.97089 0aConversatorios de la reformav6916542 0010718PDaPDbPDcCTd2013-07-04iLF1l0o p39516-10r2020-06-25w2020-06-25yLFPDZNo se presta c39006d39006